| 000 | 00447nam a2200157Ia 4500 | ||
|---|---|---|---|
| 999 |
_c18969 _d18969 |
||
| 003 | OSt | ||
| 005 | 20200703145855.0 | ||
| 008 | 190216s9999||||xx |||||||||||||| ||und|| | ||
| 040 | _coclc | ||
| 082 |
_a940 _bGRA/E |
||
| 100 |
_aGrant, A J _93531 |
||
| 245 | 0 |
_aEurope: The Story Of The Last Five Centuries / _cA J Grant |
|
| 260 |
_bLongmans, _c1965. _aEngland: |
||
| 300 | _a953p | ||
| 942 |
_cBK _2ddc _h940 _iGRA/E _k940 _mGRA/E |
||